000 00280nam a2200121Ia 4500
008 191201s2014 xx 000 0 und d
100 _aAGUNIS, Herman
245 0 _aPerformance Management
260 _aN. Delhi
_bPearson
_c2014
300 _a311
650 _aMBA
942 _2ddc
_cBK
999 _c6056
_d6056